| 000 | 00624nam a2200241Ia 4500 | ||
|---|---|---|---|
| 003 | OSt | ||
| 005 | 20221005065856.0 | ||
| 006 | a|||||r|||| 00| 0 | ||
| 007 | ta | ||
| 008 | 221004b |||||||| |||| 00| 0 urd d | ||
| 020 | _c4.00 | ||
| 024 | _a10506 | ||
| 037 | _cTextual | ||
| 040 |
_aCRL _cCRL _burd |
||
| 041 |
_2urd _aurd |
||
| 082 | _aO168,4N18,11, J8 | ||
| 100 |
_aAkhtar Safia Au. _9605061 |
||
| 245 | 0 | _aHarf-e-ashna | |
| 260 |
_aMumbai _bAjmal press India _c1958 |
||
| 650 | _aURDU LETTERS | ||
| 942 |
_hO168,4N18,11, J8 _cTEXL _2cc |
||
| 999 |
_c975319 _d975319 |
||